Score 0/35 Timer 01:00
0 Plays Today
Play % Correct
Romeo and Juliet
86.2%
Hamlet
83.8%
Macbeth
75.1%
Othello
67.6%
Henry V
57.7%
King Lear
56.8%
A Midsummer Night's Dream
53.5%
Richard II
48.6%
Henry VI (Parts I,II & III)
47.6%
The Tempest
43.4%
Richard III
41.7%
Henry IV (Parts I & II)
41%
Julius Caesar
36.6%
Henry VIII
35%
The Taming of the Shrew
33.8%
Much Ado About Nothing
33.7%
Twelfth Night
31.7%
The Merchant of Venice
31.6%
Play % Correct
As You Like It
28.7%
King John
24%
Antony and Cleopatra
23.9%
All's Well That Ends Well
20.8%
Titus Andronicus
19.3%
The Winter's Tale
17.4%
The Merry Wives of Windsor
15.8%
Coriolanus
15.2%
Measure for Measure
13.9%
Cymbeline
13.5%
The Two Gentlemen of Verona
13.4%
Timon of Athens
13.4%
The Comedy of Errors
12.9%
Love's Labour's Lost
12.3%
Troilus and Cressida
12%
Pericles, Prince of Tyre
10.8%
The Two Noble Kinsmen
4.7%

You're not logged in!

Compare scores with friends on all Sporcle quizzes.
OR
Log In

Sporcle TV

Today on Sporcle TV


Watch our educational content, quiz creation guides, and fun videos on Sporcle TV.

Show Comments

Extras

Top Quizzes Today


Score Distribution

Paid Content

Your Account Isn't Verified!

In order to create a playlist on Sporcle, you need to verify the email address you used during registration. Go to your Sporcle Settings to finish the process.

Report this User

Report this user for behavior that violates our Community Guidelines.

Details: